000 00208nam a22000977a 4500
999 _c16180
_d16180
003 OSt
008 200616b ||||| |||| 00| 0 eng d
100 _aFrank Tuohy
_94599
245 _aThe ice saints
942 _cBK